<?xml version="1.0" encoding="UTF-8"?>
<marc:record xmlns:marc="http://www.loc.gov/MARC21/slim">
   <marc:leader>00000nam a2200000 a 4500</marc:leader>
   <marc:datafield ind1="1" ind2=" " tag="100">
      <marc:subfield code="a">Colfer, Chris</marc:subfield>
      <marc:subfield code="4">aut</marc:subfield>
      <marc:subfield code="e">Verfasser/-in</marc:subfield>
   </marc:datafield>
   <marc:datafield ind1="1" ind2=" " tag="100">
      <marc:subfield code="a">Pfeiffer, Fabienne</marc:subfield>
      <marc:subfield code="4">trl</marc:subfield>
      <marc:subfield code="e">Übersetzer/-in</marc:subfield>
   </marc:datafield>
   <marc:datafield ind1="1" ind2=" " tag="100">
      <marc:subfield code="a">Dorman, Brandon</marc:subfield>
      <marc:subfield code="4">ill</marc:subfield>
      <marc:subfield code="e">Illustrator/-in</marc:subfield>
   </marc:datafield>
   <marc:datafield ind1=" " ind2=" " tag="653">
      <marc:subfield code="a">Märchen</marc:subfield>
   </marc:datafield>
   <marc:datafield ind1="0" ind2="0" tag="245">
      <marc:subfield code="a">Land of Stories: Das magische Land – Eine Schatztruhe klassischer Märchen</marc:subfield>
   </marc:datafield>
   <marc:datafield ind1="0" ind2="0" tag="245">
      <marc:subfield code="c">Chris Colfer</marc:subfield>
   </marc:datafield>
   <marc:datafield ind1=" " ind2="1" tag="264">
      <marc:subfield code="a">Frankfurt am Main</marc:subfield>
      <marc:subfield code="b">FISCHER Sauerländer</marc:subfield>
      <marc:subfield code="c">2022</marc:subfield>
   </marc:datafield>
   <marc:datafield ind1="1" ind2=" " tag="520">
      <marc:subfield code="a">Angaben aus der Verlagsmeldung

Land of Stories: Das magische Land – Eine Schatztruhe klassischer Märchen A Treasury of Classic Fairy Tales / von Chris Colfer

Ein Muss für alle »Land of Stories«-Fans

Liebe Leserin, lieber Leser, du hältst ein ganz besonderes Buch in den Händen: Wenn du bemerkst, dass die Seiten leuchten, gefolgt von einem einladenden Brummen, dann hab keine Angst! Das ist nur die Magie des Buches. Aber was auch immer du tust, lehne dich nicht zu weit in das Buch hinein. Man weiß nie, wo man landen könnte ...

Dornröschen, Rotkäppchen, Die Schöne und das Biest, Rapunzel, Die Schneekönigin, Die Geschichte vom Pfefferkuchenmann, Pinocchio: 35 bekannte und weniger bekannte Märchen, nacherzählt von Chris Colfer, dem Bestsellerautor der »Land of Stories«-Serie.

Prachtvoll ausgestattet mit bunten Illustrationen von Brandon Dorman.

 

Alle Bände der Serie »Land of Stories. Das magische Land«:

Band 1: Die Suche nach dem Wunschzauber

Band 2: Die Rückkehr der Zauberin

Band 3: Eine düstere Warnung 

Band 4: Ein Königreich in Gefahr 

Band 5: Die Macht der Geschichten 

Band 6: Der Kampf der Welten

</marc:subfield>
   </marc:datafield>
   <marc:datafield ind1=" " ind2=" " tag="020">
      <marc:subfield code="a">9783737359627</marc:subfield>
      <marc:subfield code="9">9783737359627</marc:subfield>
   </marc:datafield>
   <marc:datafield ind1=" " ind2=" " tag="020">
      <marc:subfield code="a">3737359628</marc:subfield>
      <marc:subfield code="9">3737359628</marc:subfield>
   </marc:datafield>
   <marc:datafield ind1=" " ind2=" " tag="041">
      <marc:subfield code="a">ger</marc:subfield>
   </marc:datafield>
   <marc:datafield ind1=" " ind2=" " tag="300">
      <marc:subfield code="a">368 Seiten</marc:subfield>
   </marc:datafield>
</marc:record>
